000 00545nam a2200193Ia 4500
003 OSt
005 20260128122351.0
008 210210b1933 xxu||||| |||| 00| 0 eng d
040 _cAL
041 _aKannada
082 _a853/531
100 _aSADASHIVA GURUNATHA
_9162097
_dಸದಾಶಿವ ಗುರುನಾಥ.
245 _aSatya sankalpa nataka:
_bಸತ್ಯ ಸಂಕಲ್ಪ ನಾಟಕ
260 _aMangaluru
_b-
_c1933
690 _aKannada Drama
_9162098
700 _aGARUDA
_9162099
906 _a019801
942 _2ddc
_cBK
999 _c143947
_d143947